| 000 | 00787nam a2200217 4500 | ||
|---|---|---|---|
| 001 | 112258 | ||
| 003 | ES-MaACL | ||
| 005 | 20240510213343.0 | ||
| 007 | t| | ||
| 008 | 061121s1967 sp r ||||1| spa d | ||
| 100 | 1 |
_aOrtega Costa, Antonio de P. _987448 |
|
| 245 | 1 | 0 |
_aIntento de reforma de la Hacienda en 1817 / _cAntonio de P. Ortega Costa, Ana María García Osma. |
| 260 |
_aMadrid : _b[s.n.], _c1967 ( _fGráf. Valera) |
||
| 300 |
_a15 p. ; _c28 cm. |
||
| 595 | _aTirada aparte de: Boletín del Ilustre Colegio Nacional de Economistas, n. 51-52, 1966. | ||
| 650 | 0 |
_aHacienda pública- _zEspaña- _yS.XIX _9227084 |
|
| 700 | 1 |
_aGarcía Osma, Ana María. _955066 |
|
| 710 | 2 |
_aColegio Nacional de Economistas. _92937 |
|
| 852 |
_aES-MaACL _j2063-F-9 |
||
| 999 |
_c112258 _d112258 |
||